000 00554nam a2200205Ia 4500
005 20250508150550.0
008 008 250505s9999 xx 000 0 eng d
037 _aTextual
040 _aFEDL
_beng
_cFEDL
041 _aeng
_2eng
084 _a150.195, KLE
_qFEDL
100 _aKlein Melanic
_9757046
245 0 _aContributions to psycho-analysis
260 _aLondon, UK
_bThe Hogarth Press
_c1948
300 _a416p.
365 _aINR
_b16
650 _aPsychology
942 _cTEXL
_h150.195, KLE
999 _c1324294
_d1324294